| 000 | 00717nam a2200229Ia 4500 | ||
|---|---|---|---|
| 003 | OSt | ||
| 005 | 20250111103009.0 | ||
| 008 | 210716s2014 xx 000 0 und d | ||
| 020 | _a9788184249101 | ||
| 040 | _cAIMIT LIBRARY | ||
| 041 | _aeng | ||
| 082 |
_a001.0723054 _21 _bISIK |
||
| 100 |
_aIslam, K M Baharul. _9193086 |
||
| 245 |
_aIssues in womens rights : _bpractitioners resource book / |
||
| 250 | _a1st ed | ||
| 260 |
_aNew Delhi : _bAllied Publishers Pvt Ltd , _c2014. |
||
| 300 |
_axv,339p. ; _bHB _c25.5 cm |
||
| 650 |
_aHuman rights and women _9193087 |
||
| 650 |
_aLaw s for women _9193088 |
||
| 650 |
_aWomen's rights issues in northeast India _9193089 |
||
| 942 |
_2ddc _cBK _e1st _k001.0723054 ISIK |
||
| 999 |
_c194438 _d194438 |
||